[Event "Titled Tuesday intern op 29th Dec"]
[Site "Chess.com INT"]
[Date "2020.12.29"]
[Round "3"]
[White "Estrada Nieto, Julian"]
[Black "McConnell, Sullivan Mac"]
[Result "0-1"]
[WhiteElo "2280"]
[BlackElo "1895"]
[PlyCount "80"]
[EventDate "2020.12.29"]
[EventType "swiss (blitz)"]
[EventRounds "11"]
[EventCountry "USA"]
[SourceTitle "CBM 200 Extra"]
[Source "ChessBase"]
[SourceDate "2021.03.31"]
[SourceVersion "1"]
[SourceVersionDate "2021.03.31"]
[SourceQuality "1"]

1. d4 e6 2. e4 d5 3. Nd2 Nf6 4. e5 Nfd7 5. Bd3 c5 6. c3 Nc6 7. Ne2 Qb6 8. Nf3 cxd4 9. cxd4 Bb4+ 10. Bd2 a6 11. 0-0 Be7 12. a3 h6 13. b4 Qc7 14. Nf4 b5 15. Rc1 Nb6 16. Nh5 Bf8 17. Be3 Nc4 18. Qb3 Qb6 19. Bb1 Bd7 20. Rfd1 a5 21. bxa5 Rxa5 22. Bd3 Rxa3 23. Qb1 Nb4 24. Nxg7+ Bxg7 25. Qxb4 Bf8 26. Qb1 Qa7 27. Bxc4 bxc4 28. Qb2 Rb3 29. Ra1 Ba3 30. Qe2 Bb5 31. Qc2 Qa4 32. Nd2 Rd3 33. Qxa4 Bxa4 34. Rdb1 0-0 35. Nf1 Bc2 36. Rb7 Rb3 37. Ra7 Bb2 38. Re1 c3 39. Bxh6 Rc8 40. Re3 Bg6 0-1